000 00278nam a22001217a 4500
008 170616b xxu||||| |||| 00| 0 eng d
041 _aeng
080 _a32
100 _a20
101 _ashp
245 _aAMERICAN JOURNAL POLITICAL SCIENCE
_cKRITZER.H.M
942 _2udc
_cBK
999 _c17668
_d17668